| 000 | 00610nam a22001817a 4500 | ||
|---|---|---|---|
| 999 |
_c14261 _d14261 |
||
| 003 | AR-CdUCM | ||
| 008 | 190422b ||||| |||| 00| 0 spa d | ||
| 040 |
_aMUNICIPALIDAD PROVINCIAL DEL CUSCO _cBIBLIOTECA MUNICIPAL DEL CUSCO |
||
| 082 |
_aC / 985.61 / _bG91 |
||
| 100 |
_aGuillen Marroquin, Jesus _96476 |
||
| 245 |
_aEl desarrollo de Cusco : _bbalance de unas lusiones (1950-1982) / |
||
| 260 |
_aCusco : _bCBC, _c1982. |
||
| 300 |
_a19 páginas ; _c21 cm. |
||
| 440 |
_aCuadernos para el debate regional _n7 _932975 |
||
| 650 |
_aDesarrollo del Cusco. _930901 |
||
| 942 |
_2ddc _cPP |
||
| 945 |
_awfj _d2019-04-22 |
||